000 nam a22 a 4500
999 _c412
_d412
003 AKMAL
005 20170503160219.0
008 170503s2000 my e 000 0 eng d
020 _a9676110280 (pbk. ):
_cRM24.00
040 _aAKMAL
082 0 4 _a070.92 SAM
_221
090 0 0 _a070.92
_bSAM
100 0 _aA. Samad Ismail
_q(Abdul Samad Ismail),
_cTan Sri,
_d1924-2008
_9954
245 1 0 _aA. Samad Ismail :
_bjournalism & politics /
_ccompiled and edited by Cheah Boon Kheng
260 _aKuala Lumpur :
_bUtusan Publications & Distributors,
_c2000
300 0 0 _a332p. :
_bill. ;
_c22cm
600 0 0 _aA. Samad Ismail
_q(Abdul Samad Ismail),
_cTan Sri,
_d1924-
_9955
650 0 _aJournalists
_vBiography
_zMalaysia
_9956
650 0 _aAuthors, Malay
_x20th century
_xBiography
_9957
650 0 _aJournalism
_xHistory
_zMalaysia
_9958
700 1 _aCheah, Boon Kheng
_9959
942 _2ddc
_cBOOK
950 _lAKMAL